01013cam a22002173a 45000010005000000030006000050050017000110080041000280400015000690420007000840500007000911000042000982450080001402600029002205050416002495060030006655160020006956530011007158300028007268560041007549158PGUSA20140828083208.0051001s2005||||xxu|||||s|||||000 | eng d aPGUSAbeng adc 4aPT1 aLessing, Gotthold Ephraim,d1729-178110aFabeln und Erzählungenh[electronic resource] /cGotthold Ephraim Lessing bProject Gutenberg,c20050 aDas Geheimnis -- Das Kruzifix -- Das Muster der Ehen -- Der über uns -- Der Adler und die Eule -- Der Eremit -- Der Hirsch und der Fuchs -- Der Löwe und die Mücke -- Der Sperling und die Feldmaus -- Der Tanzbär -- Der Wunsch zu sterben -- Die Bäre -- Die Brille -- Die Nuß und die Katze -- Die Sonne -- Die Teilung -- Die eheliche Liebe -- Die kranke Pulcheria -- Faustin -- Morydan -- Nix Bodenstrom aPublic domain in the USA. aElectronic text aFables 0aProject Gutenbergv915840uhttp://www.gutenberg.org/ebooks/9158